00319nam a2200109 450000500170000002000180001708200200003508400250005524500690008026000500014930000100019920260506114123.0 a9781647405113 a616.0799bBIS.M 2Colon Classification aMolecular and cellular biology of phagocytosis /cBishop, Robin aNew York :bSyrawood publishing house,c2025. a233p.